বাংলাদেশের লোক সাহিত্যে সমাজ / (Record no. 77778)
[ view plain ]
| 000 -LEADER | |
|---|---|
| fixed length control field | 01594nam a2200277 a 4500 |
| 001 - CONTROL NUMBER | |
| control field | 77778 |
| 003 - CONTROL NUMBER IDENTIFIER | |
| rucl marc code | BD-RjUL |
| 005 - DATE AND TIME OF LATEST TRANSACTION | |
| control field | 20211209083024.0 |
| 008 - FIXED-LENGTH DATA ELEMENTS--GENERAL INFORMATION | |
| fixed length control field | 210110s 1997bg ||||| m||| 00| 0 ben d |
| 035 ## - SYSTEM CONTROL NUMBER | |
| System control number | (BD-RjUL) 78004 |
| 040 ## - CATALOGING SOURCE | |
| Original cataloging agency | BD-RjUL |
| Language of cataloging | ben /eng |
| Transcribing agency | BD-RjUL |
| Modifying agency | BD-RjUL |
| 041 ## - LANGUAGE CODE | |
| Language code of text/sound track or separate title | ben |
| 082 ## - DEWEY DECIMAL CLASSIFICATION NUMBER | |
| Classification number | 398.2095492 |
| Author mark and year | KHB 1997 |
| Edition number | 23 |
| 100 ## - MAIN ENTRY--PERSONAL NAME | |
| Personal name | খাতুন, মোসা. মনোয়ারা |
| 9 (RLIN) | 243475 |
| 245 10 - TITLE STATEMENT | |
| Title | বাংলাদেশের লোক সাহিত্যে সমাজ / |
| Statement of responsibility, etc. | মোসা. মনোয়ারা খাতুন ; |
| Linkage | তত্ত্বাবধায়ক: মুহাম্মদ আবদুল খালেক |
| 260 ## - PUBLICATION, DISTRIBUTION, ETC. (IMPRINT) | |
| Place of publication, distribution, etc. | রাজশাহী : |
| Name of publisher, distributor, etc. | বাংলা বিভাগ, রাজশাহী বিশ্ববিদ্যালয়, |
| Date of publication, distribution, etc. | [১৯৯৭] |
| 300 ## - PHYSICAL DESCRIPTION | |
| Pagination | [১১], ২৮৩ পাতা ; |
| Size | ২৯ সেমি. |
| 502 ## - DISSERTATION NOTE | |
| Dissertation note | থিসিস (এম ফিল.) -- বাংলা বিভাগ, রাজশাহী বিশ্ববিদ্যালয়, [১৯৯৭] |
| 504 ## - BIBLIOGRAPHY, ETC. NOTE | |
| Bibliography, etc | গ্রন্থপঞ্জি: পাতা [২৭৬] - ২৮৩ |
| 650 ## - SUBJECT ADDED ENTRY--TOPICAL TERM | |
| Topical term or geographic name as entry element | লোকসাহিত্য, বাংলা |
| General subdivision | ইতিহাস ও সমালোচনা |
| 9 (RLIN) | 243486 |
| Topical term or geographic name as entry element | Folk literature, Bengali |
| General subdivision | History and criticism |
| 9 (RLIN) | 243487 |
| Topical term or geographic name as entry element | সাহিত্যে সমাজ |
| 9 (RLIN) | 243488 |
| Topical term or geographic name as entry element | Society in literature |
| 9 (RLIN) | 243489 |
| 700 ## - ADDED ENTRY--PERSONAL NAME | |
| Personal name | খালেক, মুহাম্মদ আবদুল, তত্ত্বাবধায়ক |
| 942 ## - ADDED ENTRY ELEMENTS (KOHA) | |
| Source of classification or shelving scheme | Dewey Decimal Classification |
| Koha item type | Theses |
| Lost status | Source of classification or shelving scheme | Damaged status | Not for loan | Collection code | Permanent Location | Current Location | Shelving location | Date acquired | Source of acquisition | Total Checkouts | Full call number | Date last seen | Copy number | Koha item type |
|---|---|---|---|---|---|---|---|---|---|---|---|---|---|---|
| Dewey Decimal Classification | Not For Loan | Theses | Central Library, University of Rajshahi | Central Library, University of Rajshahi | Documentation Section | 06/11/1999 | Controller of Exam., R.U. | BTHE 398.2095492 KHB 1997 | 10/01/2021 | C-1 | Theses |